00707nam a2200241 a 4500001001300000003000900013005001700022008004100039020002600080082001700106100001900123245003700142260002900179300000900208500003500217505001000252650002400262700001900286902000800305942000700313952013000320999001500450nice12345678IN_TiNIC20260116013047.0050524s1995 newa grp 000 0 eng  a026431X c813.2600a230.046bMAI aMaitland, Sara aBig-Enough Godb Artful Theology aNew YorkbMowbray c1995 a191p aincludes index and biblioraphy2 aIndex aLiberation-Theology1 aMaitland, Sara bSRS cBK 001040708StackRoom-aHMIbHMId2007-06-13g813.26l1o230.046 MAIp017542r2019-07-02s2019-06-28v813.26w2005-05-24yBK c9477d9477